[Event "Kaissa Open"]
[Site "Kharkov UKR"]
[Date "2003.01.25"]
[Round "5"]
[White "Maly,A"]
[Black "Gasanov,E"]
[Result "1/2-1/2"]
[WhiteElo "2356"]
[BlackElo "2435"]

1.d4 Nf6 2.c4 Nc6 3.Nf3 e6 4.g3 Bb4+ 5.Nbd2 d6 6.Bg2 O-O 7.O-O e5 8.Nb3 exd4
9.Nfxd4 Nxd4 10.Qxd4 Nd7 11.a3 Nc5 12.Nxc5 Bxc5 13.Qc3 a5 14.b3 c6 15.Bb2 f6
16.b4 Bb6 17.Rfd1 Qe7 18.Qd3 Bg4 19.Be4 h6 20.Bf3 Bxf3 21.Qxf3 Rfe8 22.e3  1/2-1/2

[Event "ch-IND"]
[Site "Mumbai IND"]
[Date "2003.01.26"]
[Round "13"]
[White "Ravi,L"]
[Black "Satyapragyan,S"]
[Result "1/2-1/2"]
[WhiteElo "2419"]
[BlackElo "2438"]

1.d4 Nf6 2.c4 Nc6 3.Nf3 e6 4.Nc3 Bb4 5.e3 O-O 6.Bd3 d6 7.O-O Bxc3 8.bxc3 e5
9.Nd2 Re8 10.Qc2 exd4 11.exd4 Bg4 12.Rb1 Qc8 13.f3 Bh5 14.Ne4 Nxe4 15.fxe4 Bg6
16.Rb5 f6 17.h4 a6 18.Rb2 Bf7 19.Qd1 Na5 20.d5 c6 21.h5 cxd5 22.cxd5 Nc4
23.Rbf2 Ne5 24.h6 gxh6 25.Rxf6 Bg6 26.Qd2 Qc5+ 27.Kh1 Ng4 28.R6f4 Re5 29.R1f3 Rh5+
30.Rh3 Rxh3+ 31.gxh3 Ne5 32.Be2 Rc8 33.Bb2 b5 34.Kh2 h5 35.c4 bxc4 36.Bc3 Re8
37.Rf6 Qc7 38.Qg5 Qe7 39.Bxh5 Qg7 40.Bg4 Nxg4+ 41.Qxg4 Rxe4 42.Qg2 Re3 43.Qb2 Qe7
44.Rf2 Qh4 45.Qb8+ Re8 46.Qa7 Re7 47.Qb8+ Re8 48.Qa7 Re7 49.Qb8+  1/2-1/2

[Event "Kaissa Open"]
[Site "Kharkov UKR"]
[Date "2003.01.28"]
[Round "7"]
[White "Varchenko,G"]
[Black "Gasanov,E"]
[Result "1-0"]
[WhiteElo "2205"]
[BlackElo "2435"]

1.d4 Nf6 2.c4 Nc6 3.Nf3 e6 4.g3 Bb4+ 5.Nbd2 d6 6.Bg2 a5 7.O-O e5 8.d5 Nb8
9.Qc2 O-O 10.Nh4 c6 11.a3 Bc5 12.Ne4 Nxe4 13.Bxe4 g6 14.Bh6 Re8 15.Qd2 a4
16.Rad1 cxd5 17.Bxd5 Qf6 18.Nf3 Be6 19.Ng5 Qe7 20.Bxe6 fxe6 21.Ne4 Nc6 22.Bg5 Qf7
23.Nxd6 Bxd6 24.Qxd6 Qf5 25.Be3 Re7 26.Qd3 Rd8 27.Qxf5 gxf5 28.Rxd8+ Nxd8
29.Rd1 Nc6 30.Bc5 Rc7 31.Bb6 Re7 32.Rd6 Kf7 33.f3 Nb8 34.Rd8 Re8 35.Rxe8 Kxe8
36.Kf2 Nc6 37.Ke3 h5 38.h3 Ke7 39.Kd2 Kd6 40.e4 Ne7 41.Be3 Ng6 42.Bg5 Kc5
43.g4 hxg4 44.hxg4 f4 45.Kc3 b6 46.Bf6 Kd6 47.Kb4 Kc6 48.Bg5 Nf8 49.Be7 Nh7
50.g5  1-0

[Event "ch-IND"]
[Site "Mumbai IND"]
[Date "2003.01.30"]
[Round "19"]
[White "Sriram,J"]
[Black "Sundararajan,K"]
[Result "0-1"]
[WhiteElo "2448"]
[BlackElo "2416"]

1.d4 Nf6 2.c4 Nc6 3.Nf3 e6 4.g3 d5 5.Bg2 dxc4 6.O-O Rb8 7.Nc3 a6 8.e4 Be7
9.d5 Nb4 10.Ne5 exd5 11.exd5 Nd3 12.Nxc4 Nxc1 13.Rxc1 O-O 14.Qd4 Ne8 15.Ne4 Bf5
16.Nc5 Nd6 17.Ne3 Bf6 18.Qd2 Re8 19.Rfe1 Ne4 20.Qc2 Nxc5 21.Nxf5 Rxe1+ 22.Rxe1 Nd7
23.d6 cxd6 24.Nxd6 Qb6 25.Nxb7 Nf8 26.Qb3 Qxb3 27.axb3 Ne6 28.Ra1 Nd4 29.Rxa6 Nxb3
30.Bd5 Be7 31.Rc6 Nd4 32.Rc7 Kf8 33.Kg2 Nb5 34.Rc2 Nd4 35.Rc4 Nb5 36.Rc2 Nd4
37.Rd2 Nb3 38.Re2 Nd4 39.Re3 Nc2 40.Rc3 Nb4 41.Be4 g6 42.b3 Ra8 43.Nd6 Rb8
44.Nc4 Rc8 45.Rc1 Bf6 46.Rd1 Rd8 47.Rc1 Na2 48.Rc2 Nc3 49.Bf3 Rb8 50.Nd2 Kg7
51.h4 Rb4 52.Kf1 Rb8 53.Be2 Ra8 54.Bc4 Ra1+ 55.Kg2 Ra2 56.Rxa2 Nxa2 57.Ne4 Be7
58.Ng5 f5 59.Kf3 h6 60.Ne6+ Kf6 61.Ke3 g5 62.h5 Nb4 63.f4 gxf4+ 64.gxf4 Nc2+
65.Kf3 Bd6 66.Nd8 Nd4+ 67.Ke3 Nc2+ 68.Kf3 Nd4+ 69.Kg3 Bc7 70.Nb7 Bb6 71.Nd6 Bc5
72.Ne8+ Ke7 73.Nc7 Kd6 74.Ne8+ Ke7 75.Nc7 Kd6 76.Nd5 Nc2 77.Nf6 Bd4 78.Nd5 Ne3
79.Nb4 Bc3 80.Nd3 Nc2 81.Nf2 Be1 82.Kf3 Bd2 83.Kg3 Be1 84.Kg2 Ne3+ 85.Kf3 Bxf2
86.Kxf2 Nxc4 87.bxc4 Kc5 88.Kf3 Kxc4 89.Ke3 Kc3 90.Ke2 Kd4 91.Kf3 Kd3 92.Kf2 Ke4
93.Kg3 Ke3  0-1

[Event "Aeroflot Open"]
[Site "Moscow RUS"]
[Date "2003.02.16"]
[Round "6"]
[White "Avrukh,B"]
[Black "Vlassov,N"]
[Result "1-0"]
[WhiteElo "2584"]
[BlackElo "2454"]

1.d4 Nf6 2.c4 Nc6 3.Nf3 e6 4.g3 Bb4+ 5.Bd2 Qe7 6.Nc3 Bxc3 7.Bxc3 Ne4 8.Rc1 O-O
9.Bg2 d6 10.d5 Nxc3 11.Rxc3 Nd8 12.Nd2 e5 13.c5 f5 14.O-O Nf7 15.cxd6 cxd6
16.Qb3 Qg5 17.f4 Qh5 18.Nf3 Qh6 19.e3 Qf6 20.Rc7 g5 21.Qc3 g4 22.Nh4 Qd8
23.Rc1 Rb8 24.Bf1 Bd7 25.Bd3 e4 26.Bb1 Bc8 27.Qd4 Ra8 28.Kg2 a6 29.Rxc8 Rxc8
30.Nxf5 Ne5 31.Rxc8 Qa5 32.Rxf8+ Kxf8 33.fxe5 Qb5 34.Kf2 dxe5 35.Qxe5 Qb4
36.Qd6+  1-0

[Event "Edda Rapid"]
[Site "Reykjavic ISL"]
[Date "2003.03.04"]
[Round "7"]
[White "Bjornsson,T"]
[Black "Vlassov,N"]
[Result "1/2-1/2"]
[WhiteElo "2272"]
[BlackElo "2454"]

1.d4 Nf6 2.c4 Nc6 3.d5 Ne5 4.b3 e6 5.Bb2 Bb4+ 6.Bc3 a5 7.a3 Bxc3+ 8.Nxc3 O-O
9.d6 a4 10.Nxa4 Rxa4 11.bxa4 cxd6 12.Nf3 Ne4 13.Nd2 Qa5 14.f3 Nc5 15.Qc2 b6
16.e3 Bb7 17.Be2 Bc6 18.O-O Bxa4 19.Qb2 Ncd3 20.Bxd3 Nxd3 21.Qa2 Qc5 22.Ne4 Qxe3+
23.Kh1 f5 24.Qd2 f4 25.Rab1 d5 26.cxd5 exd5 27.Qa2 Bc6 28.Nc3 Qc5 29.Ne4 Qe7
30.Rxb6 Kh8 31.Nf2 Ne5 32.a4 d4 33.a5 Qc5 34.Qd2 Qd5  1/2-1/2

[Event "19th Spring Fest"]
[Site "Budapest HUN"]
[Date "2003.03.15"]
[Round "2"]
[White "Berczes,D"]
[Black "Toth,Li"]
[Result "1/2-1/2"]
[WhiteElo "2261"]
[BlackElo "2145"]

1.d4 Nf6 2.c4 Nc6 3.Nf3 e6 4.g3 Bb4+ 5.Bd2 Qe7 6.Nc3 d6 7.d5 Bxc3 8.Bxc3 Ne5
9.Nxe5 dxe5 10.Qa4+ Bd7 11.Qb3 exd5 12.Qxb7 O-O 13.cxd5 Ne4 14.Qb4 Nd6 15.Bg2 Bb5
16.a4 Bc4 17.Qc5 e4 18.Qd4 f5 19.Bb4 Qf6 20.Qxf6 Rxf6 21.Rc1 Bxd5 22.Rxc7 Rb8
23.Bc3 Rf7 24.Rc5 Bb3 25.O-O Bxa4 26.Ra1 Bb3 27.Be5 Rb6 28.g4 fxg4 29.Bxd6 Rxd6
30.Bxe4 g6 31.Rc3 Be6 32.Rca3 Rd2 33.Bd3 Rxb2 34.Rxa7 Rxa7 35.Rxa7  1/2-1/2

[Event "TCh-CZE 2002-3"]
[Site "Czech Rep CZE"]
[Date "2003.03.15"]
[Round "8"]
[White "Civin,T"]
[Black "Holemar,D"]
[Result "1-0"]
[WhiteElo "2387"]
[BlackElo "2321"]

1.d4 Nf6 2.c4 Nc6 3.Nc3 e5 4.d5 Ne7 5.Nf3 Ng6 6.h4 e4 7.h5 Nxh5 8.Rxh5 exf3
9.exf3 Bb4 10.Qd4 O-O 11.c5 Bxc3+ 12.bxc3 d6 13.Bd3 Qe7+ 14.Be3 Re8 15.cxd6 cxd6
16.Kd2 f5 17.Rah1 Nf8 18.g4 fxg4 19.Bxh7+ Nxh7 20.Rxh7 Bf5 21.R7h5 Qd7 22.Qf4 Re5
23.fxg4 Qb5 24.gxf5 Qxd5+ 25.Ke1 Rae8 26.f6 Rxh5 27.f7+ Kh7 28.Rxh5+ Qxh5
29.fxe8=Q Qxe8 30.Qh2+ Kg8 31.Qxd6 Qe4 32.Qb8+ Kh7 33.Qxa7 Qh1+ 34.Kd2 Qd5+
35.Bd4  1-0

[Event "Spring Festival IM"]
[Site "Bucharest ROM"]
[Date "2003.03.28"]
[Round "8"]
[White "Bets,A"]
[Black "Osman,Mi"]
[Result "1/2-1/2"]
[WhiteElo "2357"]
[BlackElo "2133"]

1.d4 Nf6 2.c4 Nc6 3.Nf3 d6 4.Nc3 Bg4 5.d5 Ne5 6.Nxe5 dxe5 7.f3 Bd7 8.e4 e6
9.Be3 b6 10.Be2 Bd6 11.O-O Qe7 12.Qd2 Nh5 13.g3 Nf6 14.Kh1 h6 15.Rac1 O-O
16.Rfd1 Rfd8 17.Bf1 c6 18.dxc6 Bxc6 19.Qf2 Bb4 20.Nb1 Ba4 21.Rxd8+ Rxd8 22.a3 Bc5
23.b4 Bd4 24.c5 bxc5 25.bxc5 Bc6 26.Nd2 Bb2 27.Rb1 Bxa3 28.Bg2 Nd7 29.Nc4 Bxc5
30.Bxc5 Qxc5 31.Qxc5 Nxc5 32.Nxe5 Be8 33.Bf1 f6 34.Nc4 e5 35.Ra1 a6 36.Nb6 Bb5
37.Bxb5 axb5 38.Rb1 Rb8 39.Nd5 Ne6 40.Kg2 Nd4 41.Kf2 Ra8 42.Rb2 Ra3 43.f4 Kf7
44.fxe5 fxe5 45.Ne3 Ke6 46.Nc2 Nxc2 47.Rxc2 Kd6 48.Ke2 Ra4 49.Kf3 h5 50.Rc8 Ra3+
51.Kf2 Ra2+ 52.Kf3 Rxh2 53.Rg8 b4 54.Rxg7 b3 55.Rb7 b2 56.g4 Rh3+ 57.Kg2 hxg4
58.Rxb2 Rh5 59.Rd2+ Kc5 60.Kg3 Rg5 61.Kh4 Rg8 62.Rd5+ Kc4 63.Kg3 Rg5  1/2-1/2

[Event "XII It III"]
[Site "Dos Hermanas ESP"]
[Date "2003.04.05"]
[Round "8"]
[White "Pereira Figueroa,M"]
[Black "Barrero Garcia,C"]
[Result "1/2-1/2"]
[WhiteElo "2060"]
[BlackElo "2325"]

1.d4 Nf6 2.c4 Nc6 3.Nf3 e6 4.g3 d5 5.Bg2 Be7 6.O-O O-O 7.b3 a5 8.Nc3 Ne4
9.Bb2 f5 10.e3 b6 11.cxd5 exd5 12.a3 Be6 13.Ne2 a4 14.b4 Bd6 15.Nf4 Bf7 16.Qc2 Qe8
17.Nd3 Bh5 18.Nfe5 Nd8 19.Nf4 Bf7 20.f3 Nf6 21.Qxf5 c5 22.bxc5 bxc5 23.Qc2 Rb8
24.Nfd3 c4 25.Nb4 Bg6 26.Qd2 Nb7 27.Rae1 Na5 28.Nxg6 Qxg6 29.e4 Nb3 30.Qc3 Rfc8
31.Kh1 Rb6 32.e5 Bxb4 33.axb4 Ne8 34.Rd1 Nc7 35.f4 Nb5 36.Bxd5+ Kh8 37.Qf3 c3
38.Bxb3 axb3 39.Rc1 Rbc6 40.d5 Rc4 41.f5 Qh6 42.d6 Qd2 43.f6 Qg5 44.d7 Rd8  1/2-1/2

[Event "Commonwealth Ch"]
[Site "Mumbai IND"]
[Date "2003.04.24"]
[Round "7"]
[White "Soumitra,M"]
[Black "Gupta,A"]
[Result "0-1"]
[WhiteElo "2142"]
[BlackElo "2335"]

1.d4 Nf6 2.c4 Nc6 3.Nc3 e5 4.d5 Ne7 5.e4 Ng6 6.Bd3 Bb4 7.Ne2 a6 8.O-O O-O
9.a3 Bc5 10.b4 Ba7 11.c5 d6 12.cxd6 cxd6 13.Bg5 h6 14.Bd2 Nh5 15.Qc1 Qf6
16.Be3 Ngf4 17.Nxf4 Nxf4 18.Bxa7 Rxa7 19.Qe3 Qg6 20.g3 Ra8 21.Bc4 Bh3 22.Rfd1 f5
23.Bf1 Bxf1 24.Kxf1 Nh3 25.Ra2 f4 26.gxf4 Nxf4 27.Qg3 Qh5 28.Re1 Rf6 29.Ne2 Raf8
30.Rc2 Rg6 31.Qc3 Qxh2 32.Nxf4 Rxf4 33.Qc8+ Rf8 34.Qxf8+ Kxf8 35.Re3 Kg8
36.Rc8+ Kh7 37.Rc7 Rg1+ 38.Ke2 Qh5+ 39.Rf3 Re1+  0-1

[Event "Commonwealth Ch"]
[Site "Mumbai IND"]
[Date "2003.04.24"]
[Round "7"]
[White "Arvind,C"]
[Black "Prasad,D"]
[Result "1/2-1/2"]
[WhiteElo "2257"]
[BlackElo "2400"]

1.d4 Nf6 2.c4 Nc6 3.Nf3 e6 4.a3 d6 5.Nc3 g6 6.e4 Bg7 7.Be2 O-O 8.O-O Re8
9.Be3 e5 10.d5 Nd4 11.Nxd4 exd4 12.Bxd4 Nxe4 13.Bxg7 Kxg7 14.Nxe4 Rxe4 15.Bd3 Rd4
16.Qc2 Qf6 17.Rae1 Bd7 18.Re3 Re8 19.Rfe1 Rxe3 20.Rxe3 c5 21.Rf3 Qe5 22.Re3 Qf6
23.Rf3 Qg5 24.Rg3 Rg4 25.Rxg4 Bxg4 26.Qc3+ Qf6 27.Qxf6+ Kxf6 28.f4 Bf5 29.Be2 g5
30.fxg5+ Kxg5 31.g3 Kf6 32.Kf2 Ke5 33.Ke3 h6 34.b4 b6 35.b5 Bh3 36.Bd3 Bc8
37.Be2 a6 38.bxa6 Bxa6 39.Bf1 Bc8 40.Bd3 Bd7 41.Be2 Bf5 42.Bd3  1/2-1/2

[Event "5th Open"]
[Site "Dubai UAE"]
[Date "2003.04.25"]
[Round "6"]
[White "Ulibin,M"]
[Black "Sale,S"]
[Result "1-0"]
[WhiteElo "2562"]
[BlackElo "2416"]

1.d4 Nf6 2.c4 Nc6 3.Nf3 e6 4.a3 d5 5.Bg5 Be7 6.e3 h6 7.Bh4 O-O 8.Nc3 Ne4
9.Bxe7 Qxe7 10.Qc2 Nxc3 11.Qxc3 a5 12.Rc1 Bd7 13.Bd3 Rfc8 14.O-O a4 15.c5 Rcb8
16.e4 b5 17.exd5 b4 18.Qd2 exd5 19.Rfe1 Qd8 20.Bc2 bxa3 21.bxa3 Qf6 22.Ne5 Be8
23.Qd3 g6 24.g3 h5 25.Re3 Rb2 26.h4 Rab8 27.Qd1 Kg7 28.Kg2 Ne7 29.Rf3 Qa6
30.Qe1 Ng8 31.c6 R2b6 32.Bd3 Qc8 33.Nxf7 Bxf7 34.Qe5+ Kf8 35.Bxg6  1-0

[Event "Rhone Open"]
[Site "Lyon FRA"]
[Date "2003.05.03"]
[Round "8"]
[White "Lacour,S"]
[Black "Praud,JL"]
[Result "1/2-1/2"]
[WhiteElo "2126"]
[BlackElo "2158"]

1.d4 Nf6 2.c4 Nc6 3.Nf3 e6 4.g3 Bb4+ 5.Bd2 Qe7 6.Bg2 Bxd2+ 7.Nbxd2 d6 8.O-O a5
9.e4 e5 10.d5 Nb8 11.Ne1 c6 12.Nd3 cxd5 13.cxd5 O-O 14.Rc1 Na6 15.a3 Bg4
16.f3 Bd7 17.Qb3 b5 18.Qc3 Rfc8 19.Qb3 Qd8 20.Rxc8 Rxc8 21.Rc1 Qb6+ 22.Kf1 Rxc1+  1/2-1/2

[Event "St Petersburg vs. Moscow"]
[Site "St Petersburg RUS"]
[Date "2003.05.03"]
[Round "1"]
[White "Yuneev,A"]
[Black "Vlassov,N"]
[Result "1-0"]
[WhiteElo "2427"]
[BlackElo "2466"]

1.d4 Nf6 2.c4 Nc6 3.Nc3 e5 4.d5 Ne7 5.e4 Ng6 6.Be3 Bb4 7.f3 Qe7 8.Qd2 Bc5
9.O-O-O Bxe3 10.Qxe3 d6 11.Nge2 c6 12.dxc6 bxc6 13.Qd2 d5 14.exd5 cxd5 15.Nxd5 Nxd5
16.Qxd5 Rb8 17.Qc6+ Bd7 18.Qd6 Qxd6 19.Rxd6 Ke7 20.Ra6 Rb7 21.Nc3 Rhb8 22.b4 Rxb4
23.Nd5+ Ke8 24.Nxb4 Rxb4 25.Bd3 Nf4 26.Kc2 Nxg2 27.Rb1 Ra4 28.Rxa4 Bxa4+
29.Kd2 Bc6 30.Be4 Bd7 31.Rb8+ Ke7 32.Rb7 Kd8 33.c5 Nf4 34.c6 Be6 35.Rxa7 h5
36.Bd3 Nd5 37.Bc4 Kc8 38.Rd7 Nb4 39.Bxe6 fxe6 40.Rxg7 Nxc6 41.Rh7 Nd4 42.Rxh5 Kd7
43.Ke3  1-0

[Event "Memorial Day Classic"]
[Site "Los Angeles USA"]
[Date "2003.05.26"]
[Round "5"]
[White "Moussa,A"]
[Black "Small,G"]
[Result "1/2-1/2"]
[WhiteElo "2233"]
[BlackElo "2210"]

1.d4 Nf6 2.c4 Nc6 3.Nf3 e6 4.Bg5 Bb4+ 5.Nc3 h6 6.Bh4 g5 7.Bg3 Ne4 8.Qd3 d5
9.e3 h5 10.h4 Nxg3 11.fxg3 g4 12.Nd2 Qd6 13.O-O-O Bxc3 14.Qxc3 Qxg3 15.cxd5 exd5
16.Bd3 Be6 17.e4 O-O-O 18.exd5 Rxd5 19.Be4 Qxc3+ 20.bxc3 Rd6 21.Bb1 Bd5 22.Rhg1 Re8
23.Nf1 Rf6 24.Ng3 Rf2 25.Rd2 Rxd2 26.Kxd2 Na5 27.Nxh5 Nc4+ 28.Kd1 Rh8 29.Nf4 Bc6
30.h5 g3 31.Re1 Kd8 32.Bc2 Rh6 33.Bb3 Rf6 34.Bxc4 Rxf4 35.Rf1 Rxf1+ 36.Bxf1 Ke7
37.Kd2 Kf6 38.Ke3 Kg5 39.h6 Kxh6 40.Kf4 Kg6 41.Bd3+ Kf6 42.Kxg3 Kg5  1/2-1/2

[Event "TCh-NOR"]
[Site "Asker NOR"]
[Date "2003.05.28"]
[Round "1"]
[White "Ostenstad,B"]
[Black "Hagesaether,P"]
[Result "1-0"]
[WhiteElo "2446"]
[BlackElo "2279"]

1.d4 Nf6 2.c4 Nc6 3.Nf3 e6 4.a3 d5 5.Nc3 g6 6.Bg5 Bg7 7.e3 h6 8.Bh4 Ne7 9.Bd3 dxc4
10.Qa4+ c6 11.Qxc4 Nf5 12.Bg3 Nxg3 13.hxg3 Ng4 14.O-O O-O 15.Rfd1 e5 16.d5 cxd5
17.Qxd5 Qe7 18.Qb3 Be6 19.Bc4 e4 20.Bxe6 Qxe6 21.Qxe6 fxe6 22.Nxe4 Bxb2 23.Rab1 Rfd8
24.Rxd8+ Rxd8 25.Kf1 Bxa3 26.Rxb7 a5 27.Ke2 Ra8 28.Nd4 Ra6 29.f3 Ne5 30.Nb5 Bb4
31.Nf6+ Kf8 32.Nh7+ Kg8 33.Nf6+ Kf8 34.f4 Nf7 35.Nd7+ Kg8 36.Nc7 Rc6 37.Rb8+ Kg7
38.Ne8+  1-0

[Event "Golden Cleopatra"]
[Site "Cairo EGY"]
[Date "2003.06.03"]
[Round "3"]
[White "Sayed,M"]
[Black "El Ghazali,Y"]
[Result "1/2-1/2"]
[WhiteElo "2191"]
[BlackElo "2340"]

1.d4 Nf6 2.c4 Nc6 3.Nf3 e6 4.Nc3 Bb4 5.g3 d5 6.cxd5 exd5 7.Bg2 Ne4 8.Qb3 O-O
9.O-O Bxc3 10.bxc3 Na5 11.Qc2 Nc4 12.Nd2 Nexd2 13.Bxd2 Re8 14.Bf4 g5 15.Bc1 c6
16.e4 dxe4 17.Bxe4 Bh3 18.Rd1 Qe7 19.f3 Kg7 20.Qf2 h6 21.Bd3 Be6 22.Re1 Qf6
23.Rb1 b5 24.f4 Bd5 25.Rf1 g4 26.f5 Be4 27.Bxe4 Rxe4 28.a4 a6 29.axb5 axb5
30.Bf4 Kh7 31.Rbe1 Rae8 32.Rxe4 Rxe4 33.Qc2 Qxf5 34.Bc1 Qg6 35.Rxf7+ Qxf7
36.Qxe4+ Qg6 37.Qe7+ Kg8 38.Qd8+ Kf7 39.Qd7+ Kg8 40.Qd8+ Kg7 41.Qd7+ Kh8
42.Qc8+ Kh7 43.Qd7+ Kg8 44.Qd8+ Kg7 45.Qd7+ Kg8 46.Qd8+ Kg7 47.Qd7+ Kf8 48.Qd8+ Kg7
49.Qd7+ Kh8 50.Qc8+ Kh7 51.Qd7+ Kg8 52.Qd8+ Kh7 53.Qd7+  1/2-1/2

[Event "Golden Cleopatra"]
[Site "Cairo EGY"]
[Date "2003.06.10"]
[Round "9"]
[White "Ismail,H"]
[Black "El Ghazali,Y"]
[Result "1-0"]
[WhiteElo "2314"]
[BlackElo "2340"]

1.d4 Nf6 2.c4 Nc6 3.Nf3 e6 4.Nc3 Bb4 5.Bd2 d5 6.e3 O-O 7.Be2 Ne4 8.O-O Bxc3
9.Bxc3 Nxc3 10.bxc3 Na5 11.Nd2 b6 12.cxd5 exd5 13.c4 c6 14.Rc1 Be6 15.cxd5 cxd5
16.Rc3 Rc8 17.Qc2 Qd7 18.Rc1 Rxc3 19.Qxc3 h6 20.Qc7 Qa4 21.Qc2 Qa3 22.Nb1 Qd6
23.Qc7 Rc8 24.Qxd6 Rxc1+ 25.Bf1 Rxb1 26.f3 Nc4 27.Qd8+ Kh7 28.Kf2 Rb2+ 29.Ke1 Nxe3
30.Bd3+ g6 31.g4 Ng2+ 32.Kd1 Kg7 33.Qd6 Rxa2 34.Qe5+ Kh7 35.Qf6 Ne3+ 36.Kc1 Nc4
37.h4 Ra1+ 38.Kc2 Ra2+ 39.Kb1 Ra3 40.Bxg6+ fxg6 41.Qe7+ Kh8 42.Qxe6 Rxf3
43.Qxg6 b5 44.Qxh6+ Kg8 45.g5 Nd2+ 46.Kc2 Ne4 47.Qe6+ Kg7 48.h5 Rf2+ 49.Kb3 a5
50.Qe5+ Kf8 51.Qb8+ Ke7 52.Qc7+ Ke8 53.Qe5+ Kf8 54.h6 Rf3+ 55.Kc2 Rc3+ 56.Kb2 a4
57.h7 Rb3+ 58.Kc1 Rc3+ 59.Kd1 Rd3+ 60.Ke2 Rh3  1-0

[Event "IV Open"]
[Site "Lido Estensi ITA"]
[Date "2003.06.11"]
[Round "5"]
[White "Golod,V"]
[Black "Tomescu,V"]
[Result "0-1"]
[WhiteElo "2538"]
[BlackElo "2412"]

1.d4 Nf6 2.c4 Nc6 3.Nf3 e6 4.g3 Bb4+ 5.Bd2 Qe7 6.Bg2 Bxd2+ 7.Nbxd2 d6 8.e4 O-O
9.O-O e5 10.d5 Nb8 11.Ne1 a5 12.Nd3 Na6 13.f4 Nd7 14.f5 Nac5 15.Nf2 c6 16.b3 cxd5
17.exd5 g6 18.Nfe4 Nxe4 19.Nxe4 Nf6 20.fxg6 fxg6 21.Rxf6 Rxf6 22.c5 Rf8 23.Nxd6 b6
24.Ne4 bxc5 25.d6 Qf7 26.Qd2 Bb7 27.Rf1 Qg7 28.d7 Bxe4 29.Rxf8+ Qxf8 30.Bxe4 Rd8
31.Bd5+ Kg7 32.Be6 Qf6 33.Bh3 e4 34.Qxa5 Qd4+ 35.Kg2 Rf8 36.Qe1 e3 37.Kh1 Qd5+
38.Kg1 Qd2 39.Qa1+ Kh6 40.Bg4 e2 41.Bxe2 Qe3+ 42.Kh1 Qxe2 43.Qc1+ g5  0-1

[Event "24th Open"]
[Site "Bled SLO"]
[Date "2003.07.15"]
[Round "2"]
[White "Stubljar,A"]
[Black "Steffens,O"]
[Result "0-1"]
[WhiteElo "2070"]
[BlackElo "2255"]

1.d4 Nf6 2.c4 Nc6 3.Nc3 e5 4.Nf3 exd4 5.Nxd4 Bb4 6.Qd3 O-O 7.Nxc6 bxc6 8.g3 Ba6
9.a3 Be7 10.Bg2 d5 11.b3 Rb8 12.Rb1 Nd7 13.Qc2 dxc4 14.b4 Ne5 15.O-O Bd6
16.f4 Ng4 17.h3 Nf6 18.Bxc6 Bc8 19.Bg2 c5 20.b5 Bb7 21.e4 Nh5 22.Kh2 Bc7
23.Rd1 Qe7 24.Nd5 Bxd5 25.Rxd5 Nf6 26.Rd1 h5 27.e5 Nd7 28.Qxc4 h4 29.Qd3 Rfd8
30.Qf3 c4 31.Bd2 hxg3+ 32.Qxg3 Nxe5 33.Be3 Nd3 34.Bf1 Qxa3 35.Bxd3 Rxd3 36.Rxd3 Qxd3
37.Rg1 g6 38.Qf3 Bb6 39.Rg3 Bxe3 40.f5 Rxb5 41.Qa8+ Kg7 42.f6+  0-1

[Event "Open"]
[Site "Mariupol UKR"]
[Date "2003.07.17"]
[Round "7"]
[White "Shemeakin,A"]
[Black "Shilin,D"]
[Result "0-1"]
[WhiteElo "2360"]
[BlackElo "2409"]

1.d4 Nf6 2.c4 Nc6 3.d5 Ne5 4.e4 e6 5.Nc3 Bb4 6.Qc2 exd5 7.cxd5 O-O 8.Bd2 Re8
9.Be2 c6 10.dxc6 d5 11.Nf3 d4 12.c7 Nxf3+ 13.gxf3 Qxc7 14.Bd3 dxc3 15.bxc3 Bd6
16.Be3 Be5 17.Rc1 Be6 18.Qd2 Rac8 19.Ke2 Nh5  0-1

[Event "26th Asian Juniors"]
[Site "Negombo SRI"]
[Date "2003.07.19"]
[Round "1"]
[White "Palawatta,I"]
[Black "Gupta,Ab"]
[Result "0-1"]
[WhiteElo "1911"]
[BlackElo "2289"]

1.d4 Nf6 2.c4 Nc6 3.Nf3 e6 4.Nc3 Bb4 5.Qc2 O-O 6.a3 Bxc3+ 7.Qxc3 d6 8.Bg5 Re8
9.Rd1 Qe7 10.e3 e5 11.dxe5 dxe5 12.Qc2 Bg4 13.Be2 a5 14.O-O Qe6 15.b3 Nd7
16.c5 h6 17.Bh4 Bf5 18.e4 Bg4 19.Qc3 Bxf3 20.Bxf3 Nd4 21.Rd3 Nf6 22.Bg3 Nxe4
23.Qc1 Nxb3 24.Rxb3 Nxg3 25.Rxb7 Nxf1 26.Rxc7 e4 27.Bh5 Qe5 28.Bxf7+ Kh8
29.Qxf1 Qxc7 30.Bxe8 Rxe8 31.Qb5 Rc8  0-1

[Event "KB Czech Open"]
[Site "Pardubice CZE"]
[Date "2003.07.19"]
[Round "2"]
[White "Krysztofiak,M"]
[Black "Gutman,G"]
[Result "0-1"]
[WhiteElo "2344"]
[BlackElo "2513"]

1.d4 Nf6 2.c4 Nc6 3.Nf3 e6 4.Nc3 Bb4 5.Bg5 h6 6.Bh4 g5 7.Bg3 Ne4 8.Qd3 d5
9.e3 h5 10.h4 Nxg3 11.fxg3 g4 12.Nd2 f5 13.Ne2 dxc4 14.Qxc4 Bxd2+ 15.Kxd2 e5
16.Rd1 Qd6 17.Kc1 Bd7 18.Nc3 a6 19.Qc5 Rh6 20.Qxd6 Rxd6 21.Bc4 b5 22.Bb3 exd4
23.exd4 Nxd4 24.Rhe1+ Kf8 25.Bd5 Nc6 26.Bxc6 Rxd1+ 27.Nxd1 Bxc6 28.Rf1 Be4
29.Ne3 Kg8 30.Nxf5 Rf8 31.Ne3 Rxf1+ 32.Nxf1 Bxg2 33.Ne3 Be4 34.b4 Kf7 35.Kd2 Ke6
36.Kc3 Ke5 37.a3 Bg6 38.Kd2 Ke4 39.Ke2 Kd4 40.Kd2 Be4 41.Nd1 Kc4 42.Ke3 Bc2
43.Kf2 Kb3  0-1

[Event "TCh-Europe u18 girls"]
[Site "Balatonlelle HUN"]
[Date "2003.07.20"]
[Round "2"]
[White "Zdebskaja,N"]
[Black "Toth,Li"]
[Result "1-0"]
[WhiteElo "2350"]
[BlackElo "2196"]

1.d4 Nf6 2.c4 Nc6 3.Nf3 e6 4.a3 d6 5.Nc3 g6 6.Bg5 Bg7 7.e3 a5 8.Bd3 O-O 9.O-O e5
10.d5 Ne7 11.Qc2 h6 12.Bh4 Nh5 13.Bxe7 Qxe7 14.Rac1 f5 15.Be2 c5 16.dxc6 bxc6
17.Rfd1 Be6 18.Rd2 Nf6 19.Rcd1 Ne8 20.Qa4 Qb7 21.b4 axb4 22.Qxb4 Qe7 23.Qb6 Rxa3
24.Nb1 Qa7 25.Rb2 Ra6 26.Qxa7 Rxa7 27.Rb6 Rc7 28.Nc3 g5 29.Na2 c5 30.Nd2 e4
31.Nb1 Be5 32.Nac3 Ra7 33.Nb5 Ra2 34.Rd2 Ra1 35.Rd1 Ra2 36.Rd2 Ra1 37.Rd1 Ra4
38.N1c3 Rb4 39.Nd5 Bxd5 40.Rxd5 Nf6 41.Rd1 f4 42.exf4 gxf4 43.Ra6 Rb2 44.Kf1 Ne8
45.f3 e3 46.Ra8 Kf7 47.Ra7+ Ke6 48.Rh7 Rf6 49.Ra7 Rg6 50.Re1 Rg7 51.Ra3 Bf6
52.Rd3 Rc2 53.Na3 Rb2 54.Nb5 Kd7 55.Nc3 Bxc3 56.Rxc3 Nc7 57.Ra3 Ke6 58.Ra7 Rd2
59.Rb1 Ne8 60.Ra3 Rc2 61.g3 Ke5 62.Rd1 fxg3 63.Rxe3+ Kf6 64.Rxe8 gxh2 65.Kf2 Kf7
66.Re4  1-0

[Event "KB Czech Open"]
[Site "Pardubice CZE"]
[Date "2003.07.23"]
[Round "6"]
[White "Anka,E"]
[Black "Gutman,G"]
[Result "0-1"]
[WhiteElo "2427"]
[BlackElo "2513"]

1.d4 Nf6 2.c4 Nc6 3.Nf3 e6 4.g3 Bb4+ 5.Bd2 Qe7 6.Nc3 Bxc3 7.Bxc3 Ne4 8.Rc1 d6
9.Bg2 O-O 10.d5 Nxc3 11.Rxc3 Nd8 12.O-O e5 13.c5 f5 14.cxd6 cxd6 15.Qc2 Nf7
16.Rc7 Qf6 17.Qc3 b6 18.Rc1 Ba6 19.e3 Rfc8 20.Qa3 Qd8 21.R7c3 Rxc3 22.Rxc3 Bb7
23.Nd2 e4 24.f3 exf3 25.Bxf3 Qe7 26.Qa4 Ne5 27.Bg2 h6 28.h3 Qg5 29.Kh2 Qh5
30.Qd4 Qe2 31.e4 Rf8 32.Nf3 fxe4 33.Nxe5 Rf2 34.Qxf2 Qxf2 35.Ng4 Qxb2 36.Rc7 Bxd5
37.Ne3 Be6 38.Rxa7 d5 39.Re7 Qa3 40.Rxe6 Qxe3 41.h4 Kf7 42.Rc6 Ke7 43.Kh3 Qf2
44.Rc7+ Kd6 45.Rxg7 e3  0-1

[Event "3rd Savaria Summer Open"]
[Site "Szombathely HUN"]
[Date "2003.07.25"]
[Round "7"]
[White "Kantorik,M"]
[Black "Berescu,A"]
[Result "1/2-1/2"]
[WhiteElo "2272"]
[BlackElo "2400"]

1.d4 Nf6 2.c4 Nc6 3.Nc3 e5 4.d5 Ne7 5.e4 Ng6 6.Be3 Bb4 7.f3 Bxc3+ 8.bxc3 d6
9.c5 O-O 10.Ne2 Nd7 11.cxd6 cxd6 12.Qd2 b6 13.c4 Nc5 14.Nc3 f5 15.exf5 Bxf5
16.Be2 Qh4+ 17.Bf2 Qf6 18.Bxc5 bxc5 19.O-O Nf4 20.g3 Qg6 21.Rad1 Bc2 22.Rc1 Nxe2+
23.Nxe2 Bd3 24.Rf2 Rab8 25.Rc3 Bxe2 26.Qxe2 Rb1+ 27.Kg2 Rfb8 28.Qc2 Qxc2
29.Rfxc2 R8b2 30.Kf2 a5 31.Ke3 Rb4 32.Kd3 Rf1 33.Ke3 a4 34.f4 exf4+ 35.gxf4 Kf7
36.Re2 g6 37.Rec2 Kf6 38.Ke4 h6 39.Re3 Rbb1 40.Ree2 Rbd1 41.Red2 Rxd2 42.Rxd2 Re1+
43.Kd3 a3 44.Re2  1/2-1/2

[Event "Futurity"]
[Site "Kitchener CAN"]
[Date "2003.07.26"]
[Round "2"]
[White "Quan Zhe"]
[Black "Hutters,T"]
[Result "1/2-1/2"]
[WhiteElo "2303"]
[BlackElo "2400"]

1.d4 Nf6 2.c4 Nc6 3.Nf3 e6 4.Nc3 Bb4 5.Qc2 d6 6.Bd2 Qe7 7.a3 Bxc3 8.Bxc3 a5
9.b3 O-O 10.e3 e5 11.Be2 e4 12.Nd2 d5 13.Bb2 Bf5 14.Rc1 Rad8 15.h3 Rfe8 16.Qc3 h5
17.c5 Bd7 18.a4 h4 19.Ba3 Nh7 20.Rc2 Qg5 21.Bf1 f5 22.Nb1 f4 23.exf4 Qxf4
24.Bc1 e3 25.Bxe3 Qxd4 26.Qxd4 Nxd4 27.Rd2 Nf5 28.Rxd5 Nxe3 29.fxe3 Nf6 30.Rd4 Rxe3+
31.Kf2 Re4 32.Bc4+ Kf8 33.Rhd1 Ke7 34.Nc3 Rxd4 35.Rxd4 g5 36.Nd5+ Nxd5 37.Rxd5 Rf8+
38.Ke3 Rf5 39.Kd4 Rxd5+ 40.Bxd5 c6 41.Bf3 Be6 42.Kc3 Kf6 43.b4 Ke5 44.bxa5 Bd5
45.Bxd5 Kxd5 46.Kb4 Kd4 47.a6 bxa6 48.Ka5 Kxc5 49.Kxa6 Kd4 50.a5 c5 51.Kb5 c4
52.a6 c3 53.a7 c2 54.a8=Q c1=Q 55.Qd8+ Ke4 56.Qa8+ Kd3 57.Qd5+ Ke2 58.Qf3+ Ke1
59.g3 Qb2+ 60.Kc4 Qe5 61.Qh1+ Kf2 62.gxh4 gxh4 63.Kd3 Qe2+ 64.Kd4 Qe3+ 65.Kd5 Kg3
66.Kd6 Qd4+ 67.Ke6 Qf4 68.Kd5 Qf5+ 69.Kd4 Qxh3 70.Qe1+ Kg2 71.Qe2+ Kg1 72.Qe1+ Qf1  1/2-1/2

[Event "3rd Savaria Summer Open"]
[Site "Szombathely HUN"]
[Date "2003.07.26"]
[Round "8"]
[White "Macsik,T"]
[Black "Simon,Z"]
[Result "1-0"]
[WhiteElo "2299"]
[BlackElo "2124"]

1.d4 Nf6 2.c4 Nc6 3.Nf3 e6 4.g3 Bb4+ 5.Bd2 Qe7 6.Bg2 O-O 7.O-O Bxd2 8.Nbxd2 d6
9.e4 e5 10.d5 Nb8 11.Ne1 a5 12.Nd3 Na6 13.Qe2 Nd7 14.b3 Ndc5 15.a3 f5 16.Nxc5 Nxc5
17.b4 Nxe4 18.Nxe4 fxe4 19.Qxe4 Qg5 20.c5 b6 21.cxb6 cxb6 22.Rfc1 Bf5 23.Qe1 Rfc8
24.h4 Qd8 25.Rc6 axb4 26.Qxb4 Rxc6 27.dxc6 d5 28.c7 Qd7 29.Qxb6 Rc8 30.Rc1 e4
31.Bf1 Qa4 32.Qd6 Qa5 33.Rc5  1-0

[Event "8th Open"]
[Site "Creon FRA"]
[Date "2003.08.01"]
[Round "7"]
[White "Cruz Lopez Claret,C"]
[Black "Beuselinck,S"]
[Result "1-0"]
[WhiteElo "2281"]
[BlackElo "2111"]

1.d4 Nf6 2.c4 Nc6 3.Nc3 e5 4.d5 Ne7 5.Nf3 Ng6 6.h4 Bc5 7.h5 Ng4 8.Ne4 Bb4+
9.Bd2 Bxd2+ 10.Qxd2 Nf8 11.d6 c6 12.Rh4 f5 13.Rxg4 fxg4 14.Nxe5 Ne6 15.h6 O-O
16.Nxg4 Qh4 17.hxg7 Nxg7 18.Nh6+ Kh8 19.g4 b6 20.O-O-O Ba6 21.Bg2 Qh2 22.Ng5 Bxc4
23.Be4 Qe5 24.Rh1 Rf4 25.Ngf7+ Bxf7 26.Nxf7+ Rxf7 27.Rxh7+ Kg8 28.Rh8+  1-0